000
00252nam a2200109Ia 4500
008
190216s9999||||xx |||||||||||||| ||und||
100
_a
William F Glueck
245
0
_a
Management
260
_b
The Dryden Press Sydney
_c
1980
300
_a
485p
942
_c
BK
999
_c
4755
_d
4755